000 00455cam a2200181ua 4500
020 _csh 70/-
041 _aeng
_h
082 _a335
_bCOL/CO
100 _aG.D.H, Cole .
245 _aCommunism and social Democracy 1914-1931
260 _aNewyork :
_bMacmillian &co.Ltd ,
_c1961.
300 _a455 ; .
365 _ash 70/-
504 _a
650 _aRussion revolution /bukary/rived socialism/
942 _cBK
999 _c11144
_d11144